000 00686nam a22002177a 4500
999 _c13701
_d13701
003 AR-CdUCM
008 190416b ||||| |||| 00| 0 spa d
040 _aMUNICIPALIDAD PROVINCIAL DEL CUSCO
_cBIBLIOTECA MUNICIPAL DEL CUSCO
082 _aC / 985 /
_bM63
100 _aMiranda V., Julio Cesar
_932201
245 _aBiografia y Rebelión de Jose Gabriel Condorcanqui Tupac Amaru II /
260 _aCuzco :
_bGarcilaso,
_c1972.
300 _a51 paginas ;
_c21 cm.
500 _aDedicatoria
505 _aContenido : Biografía y rebelión
650 _aTupac Amaru
_9623
650 _aRebelión
_93924
650 _aCusco
_9772
942 _2ddc
_cLIBROS
945 _awnts
_d2019-04-16